| 000 | 00611nam a2200193 i 4500 | ||
|---|---|---|---|
| 001 | 57866 | ||
| 003 | ES-MaACL | ||
| 005 | 20230906163652.0 | ||
| 007 | t| | ||
| 008 | 031020s1911 fr |||| | fre d | ||
| 100 | 1 |
_aDubuisson, P. _945795 |
|
| 245 | 1 | 0 |
_aResponsabilite penale et folie _b: etude medies legale / _cpar P. Dubuisson et A. Vigoroux ; preface Lacssagne. |
| 260 |
_a[S.l. : _bs.n., _c1911] ( _eEvreux : _fCh. Herissey) |
||
| 300 |
_aXI, 484 p. ; _c22 cm. |
||
| 650 | 0 | 4 |
_aResponsabilidad penal. _916869 |
| 700 | 1 |
_aVigoroux, A. _9114670 |
|
| 700 | 1 |
_aLacssagne. _969416 |
|
| 852 |
_aES-MaACL _jD-195 |
||
| 999 |
_c57866 _d57866 |
||